000
00389nam a2200133Ia 4500
008
200619s9999 xx 000 0 und d
020
_a
8178770873
100
_a
Nanjundaswamy M.D.
245
0
_a
Ramayanadallina Paatragalu: Periyaarara Barahagalu
264
_a
Mysore
_b
Abhiruchi Prakashana
_c
2010
300
_a
72
942
_c
IR
999
_c
120353
_d
120353